Spanish Noun Flashcards Quiz Stats

 Plays Quiz Updated Sep 1, 2012

Challenge
Share
Tweet
Embed
Score 0/50 Timer 07:00
10 Plays Today
% Correct
número
94.2%
agua
94%
casa
92.5%
sol
92%
hora
92%
amor
91.6%
día
91.4%
abuelo|abuela
91.3%
año
91.2%
médico|médica
91.2%
papel
89.5%
libro
89.4%
dinero
88.7%
muerte
88%
carne
87.5%
río
86.7%
tío|tía
86%
hijo|hija
85.9%
ciudad
85.6%
flor
85.5%
vida
85.5%
chico|chica
84.9%
trabajo
84.1%
corazón
82%
semana
81.9%
% Correct
felicidad
81.8%
luz
81.8%
mundo
81.5%
boca
80.9%
mesa
80.7%
pregunta
79.6%
ventana
79.3%
contrario
78.7%
estado
78.4%
puerta
77.6%
coche
76.1%
calle
74.1%
barrio
73.8%
mes
73%
cama
72.5%
ropa
72.2%
película
71.9%
equipo
71.6%
pelo
70.2%
gente
70.2%
palabra
69.2%
país
66.5%
peligro
66.2%
suerte
64.5%
piso
60.5%

You're not logged in!

Compare scores with friends on all Sporcle quizzes.
OR
Log In

You Might Also Like...

Show Comments

Extras

Top Quizzes Today


Score Distribution

Your Account Isn't Verified!

In order to create a playlist on Sporcle, you need to verify the email address you used during registration. Go to your Sporcle Settings to finish the process.

Report this User

Report this user for behavior that violates our Community Guidelines.

Details: